Statistics for Israel or Palestine?

Click here to take the quiz!

General Stats

  • This quiz has been taken 130 times
  • The average score is 5 of 10

Answer Stats

QuestionAnswer% Correct
More killed by the other side during the war.Palestine
90%
Agreed to the Partition Plan of 1947Israel
72%
Is Recognized by EgyptBoth
64%
Their Prime Minister is not the religion of their countries official/major religion.Neither
64%
Owns BethlehemPalestine
58%
Occupied by Saudi Arabia after the 6 Day WarNeither
55%
Owns JerusalemBoth
47%
Their President is older than 80Palestine
43%
President was not born in their countryPalestine
25%
Supported USA during 9/11Both
9%

Score Distribution

Percentile by Number Answered

Percent of People with Each Score

Your Score History

You have not taken this quiz